000
00327nam a22001577a 4500
003
NUST
020
_a
0002554984
038
_a
Khadija
082
_a
956.704
_b
ATK
100
_a
Atkinson
_9
90990
245
_a
Crusade /
_c
Rick Atkinson
260
_a
Lahore
_b
Book Centre
300
_a
p575
563
_a
HB
942
_2
ddc
_c
BK
999
_c
589183
_d
589183